<?xml version="1.0" encoding="UTF-8"?><?xml-stylesheet type="text/xsl" href="static/style.xsl"?><OAI-PMH xmlns="http://www.openarchives.org/OAI/2.0/" xmlns:xsi="http://www.w3.org/2001/XMLSchema-instance" xsi:schemaLocation="http://www.openarchives.org/OAI/2.0/ http://www.openarchives.org/OAI/2.0/OAI-PMH.xsd"><responseDate>2026-06-29T02:27:41Z</responseDate><request verb="GetRecord" identifier="oai:docta.ucm.es:20.500.14352/121250" metadataPrefix="marc">https://docta.ucm.es/rest/oai/request</request><GetRecord><record><header><identifier>oai:docta.ucm.es:20.500.14352/121250</identifier><datestamp>2025-07-03T17:26:23Z</datestamp><setSpec>com_20.500.14352_14</setSpec><setSpec>col_20.500.14352_15</setSpec></header><metadata><record xmlns="http://www.loc.gov/MARC21/slim" xmlns:dcterms="http://purl.org/dc/terms/" xmlns:xsi="http://www.w3.org/2001/XMLSchema-instance" xmlns:doc="http://www.lyncode.com/xoai" xsi:schemaLocation="http://www.loc.gov/MARC21/slim http://www.loc.gov/standards/marcxml/schema/MARC21slim.xsd">
   <leader>00925njm 22002777a 4500</leader>
   <datafield ind2=" " ind1=" " tag="042">
      <subfield code="a">dc</subfield>
   </datafield>
   <datafield ind2=" " ind1=" " tag="720">
      <subfield code="a">Vicente Zurdo, David</subfield>
      <subfield code="e">author</subfield>
   </datafield>
   <datafield ind2=" " ind1=" " tag="720">
      <subfield code="a">Gómez Mejía, Esther</subfield>
      <subfield code="e">author</subfield>
   </datafield>
   <datafield ind2=" " ind1=" " tag="720">
      <subfield code="a">Morante-Zarcero, Sonia</subfield>
      <subfield code="e">author</subfield>
   </datafield>
   <datafield ind2=" " ind1=" " tag="720">
      <subfield code="a">Rosales Conrado, Noelia</subfield>
      <subfield code="e">author</subfield>
   </datafield>
   <datafield ind2=" " ind1=" " tag="720">
      <subfield code="a">Sierra, Isabel</subfield>
      <subfield code="e">author</subfield>
   </datafield>
   <datafield ind2=" " ind1=" " tag="260">
      <subfield code="c">2025</subfield>
   </datafield>
   <datafield ind2=" " ind1=" " tag="520">
      <subfield code="a">Recent advancements in analytical strategies have enabled the efficient extraction and characterization of bioactive compounds from agri-food bio-residues, emphasizing green chemistry and circular economy principles. This review highlights the valorization of several agri-food bio-residues for the extraction of high-value-added bioactive compounds, particularly polyphenols, tocopherols, carotenoids, and fatty acids, as a biorefinery approach. To this end, the adoption of environmentally friendly extraction technologies is essential to improve performance, reduce energy consumption, and minimize costs. This study therefore examines emerging methodologies such as supercritical fluid extraction, pressurized liquid extraction, pulsed electric fields, and matrix solid-phase dispersion, highlighting their advantages and limitations. Additionally, the chemical characterization of these bioactive compounds is explored through spectrophotometric and high-resolution chromatographic techniques, crucial for their accurate identification and quantification. This is complemented by an analysis of bioactivity assays evaluating antioxidant, antimicrobial, anticancer, neuroprotective, and anti-inflammatory properties, with a focus on their applications in the food, pharmaceutical, and cosmetic industries. However, the analytical control of toxic compounds, such as alkaloids, in these bio-residues is undoubtedly needed. Ultimately, this approach not only promotes sustainability but also contributes to the development of eco-friendly solutions in various industries.</subfield>
   </datafield>
   <datafield ind1="8" ind2=" " tag="024">
      <subfield code="a">10.3390/molecules30061326</subfield>
   </datafield>
   <datafield ind1="8" ind2=" " tag="024">
      <subfield code="a">https://hdl.handle.net/20.500.14352/121250</subfield>
   </datafield>
   <datafield ind1="8" ind2=" " tag="024">
      <subfield code="a">https://doi.org/10.3390/molecules30061326</subfield>
   </datafield>
   <datafield ind1="8" ind2=" " tag="024">
      <subfield code="a">https://www.mdpi.com/1420-3049/30/6/1326</subfield>
   </datafield>
   <datafield ind2="0" ind1="0" tag="245">
      <subfield code="a">Analytical strategies for green extraction, characterization, and bioactive evaluation of polyphenols, tocopherols, carotenoids, and fatty acids in agri-food bio-residues</subfield>
   </datafield>
</record></metadata></record></GetRecord></OAI-PMH>